Critical thinking skills for education studends / (Record no. 137698)

MARC details
000 -LEADER
fixed length control field 00811nam a22002537a 4500
005 - DATE AND TIME OF LATEST TRANSACTION
control field 20170217165445.0
010 ## - LCCN (DPL NO)
LC control number ENG-117294
020 ## - INTERNATIONAL STANDARD BOOK NUMBER
International Standard Book Number 9789386062536
Terms of availability 495.00
035 ## - SYSTEM CONTROL NUMBER
System control number EN-100826
037 ## - SOURCE OF ACQUISITION
Source of stock number/acquisition DBAD/PUB
082 00 - DEWEY DECIMAL CLASSIFICATION NUMBER
Classification number 378.170281
100 ## - MAIN ENTRY--PERSONAL NAME
Personal name Reynolds,lealey-Jane Eales
245 10 - TITLE STATEMENT
Title Critical thinking skills for education studends /
Statement of responsibility, etc by Lesley-Jane Eales-Reynolds...[et...al]
250 ## - EDITION STATEMENT
Edition statement 2nd ed.
260 ## - PUBLICATION, DISTRIBUTION, ETC. (IMPRINT)
Place of publication, distribution, etc New Delhi
Name of publisher, distributor, etc SAGE Publications
Date of publication, distribution, etc 2016
270 ## - ADDRESS
Address B1/I-1 Mohan Cooperative Industrial Area, Mathura Road
City New Delhi
Postal code 110044
300 ## - PHYSICAL DESCRIPTION
Extent xxxii,216p.
Dimensions 24cm(Hb)
490 ## - SERIES STATEMENT
Series statement Study Skills in Education
500 ## - GENERAL NOTE
General note Includes index
700 ## - ADDED ENTRY--PERSONAL NAME
Personal name Brenda Judge
700 ## - ADDED ENTRY--PERSONAL NAME
Personal name Patrick Jones
700 ## - ADDED ENTRY--PERSONAL NAME
Personal name Alaine McCreery
942 ## - ADDED ENTRY ELEMENTS (KOHA)
Source of classification or shelving scheme Dewey Decimal Classification
Item type English Books
Classification part 378.170281
Call number suffix REY
Holdings
Withdrawn status Lost status Not for loan Collection code Home library Current library Date acquired Source of acquisition Cost, normal purchase price Full call number Barcode Copy number Cost, replacement price Koha item type
      Non-fiction Shahdara Branch Shahdara Branch 17/02/2017 DBAD/PUB 495.00 378.170281 REY EN-100826 1 495.00 English Books

© Delhi Public Library
Hit Counter
free hit counter